Countries "Ruled" by Queen Elizabeth II - Flag Edition - Statistics

General Stats
  • This quiz has been taken 40 times
  • The average score is 11 of 16
Answer Stats
Picture Answer % Correct
Canada
97%
New Zealand
97%
Australia
94%
United Kingdom
92%
Jamaica
86%
Barbados
64%
Papua New Guinea
64%
St. Lucia
58%
Antigua and Barbuda
56%
Bahamas
56%
Belize
56%
St. Vincent and the Grenadines
56%
Tuvalu
53%
Solomon Islands
50%
Grenada
47%
St. Kitts and Nevis
39%
No matching quizzes found
Score Distribution
Percent of People with Each Score
Percentile by Number Answered
Your Score History
You have not taken this quiz